000 00411nam a2200145Ia 4500
008 100204s9999 xx 000 0 und d
082 _b13142
100 _aभागवत सरोज
245 _aनिराधार
260 _b"आशिष प्रकाशन, पुणे"
_c1990
300 _a168
630 _aनिराधार
730 _aनिराधार
942 _cBOOK
999 _c457574
_d457571